La relación diocesana de visita "ad limina" de 1609 del obispo de Santiago de Chile

Guardat en:
Dades bibliogràfiques
Autor principal: Aliaga Rojas, Fernando (Autor)
Format: Llibre
Idioma:espanyol
Publicat: Santiago, Chile Historia 1966
Matèries:
Etiquetes: Afegir etiqueta
Sense etiquetes, Sigues el primer a etiquetar aquest registre!

MARC

LEADER 00000nam a2200000 a 4500
001 UCP4658
003 CL-VaPUC
005 20220107095253.0
008 990806e19660000CL |||||||||||||||||spa|d
999 |c 282564  |d 282562 
040 |c Pontificia Universidad Católica de Valparaíso 
082 0 4 |a 262.3 ALI 1966  |2 21 
100 0 |a Aliaga Rojas, Fernando  |e author  |9 432317 
245 1 3 |a La relación diocesana de visita "ad limina" de 1609 del obispo de Santiago de Chile 
260 |a Santiago, Chile  |b Historia  |c 1966 
300 |a 169 páginas 
583 |a last modification  |c 20150924 22:06:13  |k Rodrigo Vera 
650 0 |a Iglesia magisterio  |z CHILE  |9 257359 
650 7 |a HISTORIA ECLESIASTICA  |2 CL-VaPUC  |9 432318  |z CHILE 
650 7 |a OBISPADO DE SANTIAGO  |2 CL-VaPUC  |9 432319  |z CHILE 
650 7 |a DIOCESIS  |2 CL-VaPUC  |9 399338  |z CHILE 
852 |a BIBCUR 
942 |c BK  |2 ddc 
945 |d 19990806 00:00:00  |a crobeson 
952 |0 0  |1 0  |2 ddc  |4 0  |6 262_300000000000000_ALI_1966  |7 0  |8 A  |9 324420  |a BIBHIS  |b BIBHIS  |d 2019-11-20  |i 1355457  |o 262.3 ALI 1966  |p 1355457  |r 2025-01-20  |t 1  |w 2019-11-20  |y BK  |k HIS 
952 |0 0  |1 0  |2 ddc  |4 0  |6 262_300000000000000_ALI_1966  |7 0  |8 A  |9 324421  |a BIBTEO  |b BIBTEO  |d 2019-11-20  |i 2085569  |o 262.3 ALI 1966  |p 2085569  |r 2025-01-17  |t 2  |w 2019-11-20  |y BK  |k ICR